000 00805nam a2200217 i 4500
001 187434
003 SpMaBN
005 20230906222925.0
008 170704s1992 sp |||| | lat d
020 _a84-604-1182-6
080 _a946.023.3 Ribas"12/14"(093)
080 _a352(460.233 Ribas)(094.5)
245 0 0 _aPrivilegis i ordinacions de la Vall de Ribes /
_cFerrán Valls i Taberner.
260 _aMálaga :
_bCàtedra d'Historia del Dret i de les Institucions,
_c1992.
300 _aP. [549]-610 ;
_c24 cm.
650 7 _aFueros-
_zRibes de Freser.
_9163345
651 7 _aRibes de Freser-
_xHistoria.
_9163346
700 1 _aValls i Taberner, Ferran.
_9112942
710 2 _aUniversidad de Málaga.
_bCátedra de Historia del Derecho y de las Instituciones.
_9162592
852 _aES-MaACL
_jL-31769
999 _c187434
_d187434